Normal view
MARC view
- John H. G. King
Entry Personal Name
001 - CONTROL NUMBER
- control field: 42438
003 - CONTROL NUMBER IDENTIFIER
- control field: NUST
005 - DATE AND TIME OF LATEST TRANSACTION
- control field: 20210314132318.0
008 - FIXED-LENGTH DATA ELEMENTS
- fixed length control field: 210314|| aca||aabn | a|a d
040 ## - CATALOGING SOURCE
- Original cataloging agency: NUST
- Transcribing agency: NUST
100 ## - HEADING--PERSONAL NAME
- Personal name: John H. G. King
670 ## - SOURCE DATA FOUND
- Source citation: Work cat.: (NUST): John H. G. King, Soil mechanics related to building, 1954
